000 00478 a2200193 4500
005 20260415120943.0
008 260415b |||||||| |||| 00| 0 eng d
020 _a9781639875269
_c$ 155.00
040 _aMAIN
082 _a070.4
_bH775E
100 _aHopkins, Neil
245 _aElements of journalism
260 _bMurphy and Moore Publishing
_c2022
_aNew York
300 _avi, 233
650 _aJournalism
650 _aPress
650 _aNews Media
942 _cBK
999 _c397276
_d397276